| 000 | 00470 a2200169 4500 | ||
|---|---|---|---|
| 003 | Nust | ||
| 005 | 20170207171611.0 | ||
| 040 | _cNust | ||
| 082 | _a005.1 | ||
| 100 | _aAzeem Malik, Khurram. BESE-17 | ||
| 245 |
_aVisually Impaired Assistance APP (VIAA). BESE-17 _cKhurram Azeem Malik, Waleed Muhammad , Muhammad Asad. |
||
| 260 |
_aRawalpindi _bMCS _cJune 2015 |
||
| 300 | _axiv,73p. | ||
| 538 | _aAlmirah No 72 Shelf No 6 | ||
| 650 | _aUG Projects | ||
| 651 | _aUG CS Projects | ||
| 942 | _cTHS | ||
| 999 |
_c217702 _d217702 |
||